Who lives in the Arctic ? / (Record no. 9375)

MARC details
000 -LEADER
fixed length control field 00899nam a22002777a 4500
001 - CONTROL NUMBER
control field 9375
003 - CONTROL NUMBER IDENTIFIER
control field FISKH
005 - DATE AND TIME OF LATEST TRANSACTION
control field 20251216120641.0
008 - FIXED-LENGTH DATA ELEMENTS--GENERAL INFORMATION
fixed length control field 251216b cb ||||| |||| 00| 0 eng d
020 ## - INTERNATIONAL STANDARD BOOK NUMBER
International Standard Book Number 9780545565424
040 ## - CATALOGING SOURCE
Original cataloging agency FISKH
Language of cataloging eng
Transcribing agency FISKH
Modifying agency FISKH
050 ## - LIBRARY OF CONGRESS CALL NUMBER
Classification number QL105 .C358
082 ## - DEWEY DECIMAL CLASSIFICATION NUMBER
Classification number 591.998
100 ## - MAIN ENTRY--PERSONAL NAME
Personal name Canizares , Susan
245 ## - TITLE STATEMENT
Title Who lives in the Arctic ? /
Statement of responsibility, etc. By Susan Canizares . Pamela Chanko
260 ## - PUBLICATION, DISTRIBUTION, ETC.
Place of publication, distribution, etc. New York :
Name of publisher, distributor, etc. Scholastic ,
Date of publication, distribution, etc. 2013.
300 ## - PHYSICAL DESCRIPTION
Extent 16 unnumbered pages :
Other physical details color illustrations ;
Dimensions 18 x 21 cm.
490 ## - SERIES STATEMENT
Series statement Science emergent readers
505 ## - FORMATTED CONTENTS NOTE
Formatted contents note B <br/><br/><br/>
520 ## - SUMMARY, ETC.
Summary, etc. Photographs and simple text explore the variety of animals that have adapted to life in the Arctic.
521 8# - TARGET AUDIENCE NOTE
Target audience note 130 <br/><br/><br/>
Source Lexile estimate <br/><br/>
521 8# - TARGET AUDIENCE NOTE
Target audience note B <br/><br/><br/>
Source Raz-Plus <br/>
650 ## - SUBJECT ADDED ENTRY--TOPICAL TERM
Topical term or geographic name entry element Arctic animals
Form subdivision Non-fiction
942 ## - ADDED ENTRY ELEMENTS (KOHA)
Source of classification or shelving scheme Dewey Decimal Classification
Koha item type Books
Suppress in OPAC No
Holdings
Withdrawn status Lost status Source of classification or shelving scheme Damaged status Not for loan Collection Home library Current library Shelving location Date acquired Total Checkouts Full call number Barcode Date last seen Price effective from Koha item type
    Dewey Decimal Classification     Non-Fiction Footprints International School Library Network Toul Tom Poung Campus Footprints International School Library Network Toul Tom Poung Campus TTP Primary Green Bookshelves 12/16/2025   CAN 591.998 QL105 .C358 FISTK03888 12/16/2025 12/16/2025 Books